00962nam a2200241Ia 4500003000400000005001700004008004100021020003000062040001300092082002400105245015900129250001100288260002800299300002700327500001900354505014400373650001200517650001800529700002800547942000900575952012100584999001500705IIN20250328121755.0250328s9999 xx adf 001 0 eng d cRs.3695.00a9789389129007 aIINbEng a611 bDEV1 aInderbir Singh's Textbook of Anatomybwith Surface Anatomy, Dissection, Radiology Anatomy, Clinical Anatomy and Case Scenarioscedited by V. Subhadra Devi a7th ed bJaypeeaNew Delhic2022 a564p. / V.2bcol. ill. aIncludes Index aVolume 2. - Contains Two Section: (Section 1) : Lower Limb (Section 2) : Abdomen and Pelvis1 aAnatomy1 aHuman Anatomy aDevi, V. Subhadra (ed.) cBOOK 00102ddc40708PURSaIINbIINcGENd2025-03-11l0o611 DEVp1828r2025-03-28 12:18:16w2025-03-28yBOOK c1713d1713